LEGO The Incredibles: Playable Supers by Picture - Statistics

General Stats
  • This quiz has been taken 34 times
  • The average score is 16 of 39
Answer Stats
Picture Answer % Correct
Dash
95%
Elastigirl
89%
Frozone
84%
Violet
79%
Brick
74%
Gamma Jack
74%
Gazerbeam
74%
Mr. Incredible
74%
Apogee
63%
Dynaguy
63%
Jack-Jack
63%
Voyd
58%
Blazestone
42%
Meta Man
42%
Cliffhanger
37%
Reflux
37%
Screech
37%
Thunderhead
37%
Universal Man
37%
Downburst
32%
Dehydra
26%
Krushauer
26%
Splashdown
26%
Stormicide
26%
Stratogale
26%
Diabla
21%
Everseer
21%
Fironic
21%
He-Lectrix
21%
Tradewind
21%
Blitzerman
16%
Hypershock
16%
Macroburst
16%
Phylange
16%
Plasmabolt
16%
Psycwave
16%
Vectress
16%
Firebreak
11%
Icebreaker
11%
No matching quizzes found
Score Distribution
Percent of People with Each Score
Percentile by Number Answered
Your Score History
You have not taken this quiz